Представление документа в формате RUSMARC

ПолеНазваниеЗначение
  Тип записи a
  Библиографический уровень m
001 Контрольный номер UONB/MAIN/43d47950d40642ab843c0eb7df4320ac
005 Дата корректировки 20260514130543.4
010 Индекс ISBN __
d Цена 1 р. 20 к.
9 Тираж 300 экз.
100 Данные общей обработки __
a Данные общей обработки 20260514d1990 u y0rusy0189 ca
101 Язык документа 0_
a Язык текста rus
102 Страна публикации __
a Страна публикации RU
105 Кодированные данные (монография) __
a Кодированные данные (монография) a z 001yy
200 Заглавие и сведения об ответственности 1_
a Заглавие Эксплуатация и ремонт сельскохозяйственной техники
f Первые сведения об ответственности Всесоюзный сельскохозяйственный институт заочного образования (Балашиха)
e Сведения, относящиеся к заглавию межвузовский сборник научных трудов
g Последующие сведения об ответственности редколлегия: В. П. Мороз (ответственный редактор) [и др.]
203 Вид содержания и тип средства __
a Вид содержания Текст
b Характеристика содержания визуальный
c Тип средства непосредственный
210 Выходные данные 1_
a Место издания Москва
c Издательство ВСХИЗО
d Дата издания 1990
215 Физическое описание __
a Объем 176, [1] с.
c Иллюстрации/тип воспроизводства ил.
d Формат 20 см
320 Библиография __
a Библиография Библиогр. в конце ст.
606 Тематические рубрики 0_
a Основная рубрика Сельскохозяйственные машины и орудия
x Основная подрубрика Эксплуатация
j Формальный подзаголовок Сборники
606 Тематические рубрики 0_
a Основная рубрика Сельскохозяйственные машины и орудия
x Основная подрубрика Ремонт
j Формальный подзаголовок Сборники
610 Ключевые слова 0_
a Ключевые слова сельскохозяйственная техника; сельскохозяйственные машины и орудия; эксплуатация сельскохозяйственной техники
686 Индексы других классификаций __
a Классификационный индекс 40.72-082
2 Код системы rubbk
686 Индексы других классификаций __
a Классификационный индекс 40.72-083
2 Код системы rubbk
702 Вторичная интеллектуальная ответственность _1
a Фамилия Мороз
b Имя (инициалы) В. П.
g Полное личное имя Владимир Петрович
4 Код отношения 340
712 Наименование организации (Вторичная ответственность) 02
a Организация/ юрисдикция Всесоюзный сельскохозяйственный институт заочного образования (Балашиха)
4 Код отношения 570
801 Источник записи _0
a Страна RU
b Организация Ульяновская ОНБ
c Дата составления 20260514
g Правила каталогизации RCR
801 Источник записи _1
a Страна RU
b Организация Ульяновская ОНБ
c Дата составления 20260514
g Правила каталогизации RCR
901 Тип документа __
t Тип документа m
909 Создатель записи __
a Создатель записи Батталова
b Дата создания записи 20260514